<?xml version="1.0" encoding="UTF-8"?>
<record
    xmlns:xsi="http://www.w3.org/2001/XMLSchema-instance"
    xsi:schemaLocation="http://www.loc.gov/MARC21/slim http://www.loc.gov/standards/marcxml/schema/MARC21slim.xsd"
    xmlns="http://www.loc.gov/MARC21/slim">

  <leader>01955nam a2200205 a 4500</leader>
  <controlfield tag="008">180523s2014    es ||||gr|||| 000 f spa d</controlfield>
  <datafield tag="020" ind1=" " ind2=" ">
    <subfield code="a">9788466655569</subfield>
  </datafield>
  <datafield tag="041" ind1=" " ind2=" ">
    <subfield code="a">spa</subfield>
  </datafield>
  <datafield tag="092" ind1=" " ind2=" ">
    <subfield code="c">808</subfield>
    <subfield code="l">53</subfield>
    <subfield code="s">MOR</subfield>
  </datafield>
  <datafield tag="100" ind1="1" ind2=" ">
    <subfield code="a">Morrissey, Di</subfield>
    <subfield code="9">3967</subfield>
  </datafield>
  <datafield tag="245" ind1=" " ind2="3">
    <subfield code="a">El secreto de la perla.</subfield>
    <subfield code="b">La emocionante historia de un amor infinito /</subfield>
    <subfield code="c">Di Morrissey</subfield>
  </datafield>
  <datafield tag="250" ind1=" " ind2=" ">
    <subfield code="a">1a ed.</subfield>
    <subfield code="b">Traducci&#xF3;n Efren del Valle</subfield>
  </datafield>
  <datafield tag="260" ind1=" " ind2=" ">
    <subfield code="a">Barcelona:</subfield>
    <subfield code="b">Ediciones B;</subfield>
    <subfield code="c">2014.</subfield>
  </datafield>
  <datafield tag="300" ind1=" " ind2=" ">
    <subfield code="a">538 p.</subfield>
  </datafield>
  <datafield tag="500" ind1=" " ind2=" ">
    <subfield code="a">Morrissey, D. (2014). El secreto de la perla. La emocionante historia de un amor infinito. (1a ed.). Barcelona : Ediciones B.</subfield>
  </datafield>
  <datafield tag="505" ind1=" " ind2=" ">
    <subfield code="a">Nunca antes, desde El p&#xE1;jaro canta hasta morir, se ha retratado tan intensa y v&#xED;vidamente el exuberante y rom&#xE1;ntico paisaje de Australia. Una emocionante novela firmada por Di Morrissey, la autora de mayor &#xE9;xito en Ocean&#xED;a, con m&#xE1;s de veinte t&#xED;tulos publicados y dos millones de ejemplares vendidos, y que llega por fin a nuestro pa&#xED;s. Broome, Australia, 1893. Es la &#xE9;poca dorada, deslumbrante, salvaje y apasionada de la industria de la perla. All&#xED; los inmigrantes europeos encuentran un continente inexplorado y la antigua cultura aborigen. Es en este contexto que la joven Olivia Hennessy se encuentra con el gallardo capit&#xE1;n Tyndall, quien le hace una tentadora oferta: que se una a &#xE9;l en sus actividades relacionadas con la pesca perlera. S&#xED;dney, Australia, 1995. Lily Barton es una mujer hermosa, brillante como el n&#xE1;car. No sabe cu&#xE1;les son su or&#xED;genes, y siempre se ha sentido ansiosa por aprender m&#xE1;s sobre su pasado. Buscando hallar su identidad y su legado, se embarca hacia Broome en busca de sus ra&#xED;ces familiares. All&#xED; descubrir&#xE1; el diario de su bisabuela Olivia. Pero su b&#xFA;squeda de una identidad revela mucho m&#xE1;s de lo que pod&#xED;a haber imaginado. Pronto descubrir&#xE1; el secreto de la perla. </subfield>
  </datafield>
  <datafield tag="590" ind1=" " ind2=" ">
    <subfield code="a">Proyecto 4to. Donaci&#xF3;n Victoria Lara, mayo 2018.</subfield>
  </datafield>
  <datafield tag="655" ind1=" " ind2=" ">
    <subfield code="a">Literatura</subfield>
    <subfield code="9">2917</subfield>
  </datafield>
  <datafield tag="942" ind1=" " ind2=" ">
    <subfield code="2">ddc</subfield>
    <subfield code="c">LIT</subfield>
  </datafield>
  <datafield tag="999" ind1=" " ind2=" ">
    <subfield code="c">2754</subfield>
    <subfield code="d">2754</subfield>
  </datafield>
  <datafield tag="952" ind1=" " ind2=" ">
    <subfield code="0">0</subfield>
    <subfield code="1">0</subfield>
    <subfield code="2">ddc</subfield>
    <subfield code="4">0</subfield>
    <subfield code="7">0</subfield>
    <subfield code="a">BFM</subfield>
    <subfield code="b">BFM</subfield>
    <subfield code="c">CR</subfield>
    <subfield code="d">2018-05-23</subfield>
    <subfield code="e">Donaci&#xF3;n Victoria Lara, mayo 2018.</subfield>
    <subfield code="l">0</subfield>
    <subfield code="o">808 53 MOR</subfield>
    <subfield code="p">4320</subfield>
    <subfield code="r">2018-05-23</subfield>
    <subfield code="t">Ej. 1</subfield>
    <subfield code="w">2018-05-23</subfield>
    <subfield code="y">LIT</subfield>
    <subfield code="z">Proyecto 4to libro, donaci&#xF3;n Victoria Lara, mayo 2018.</subfield>
  </datafield>
</record>
